| 000 | 00373nam a2200133Ia 4500 | ||
|---|---|---|---|
| 005 | 20260328101448.0 | ||
| 008 | 260328s9999||||xx |||||||||||||| ||und|| | ||
| 100 | _aWundram, Manfred | ||
| 245 | 0 |
_aAndrea Palladio 1508-1580 : _b Arquitecto entre el Renacimiento y el Barroco / _cManfred Wundram |
|
| 260 | _bTaschen | ||
| 300 | _a248 p. | ||
| 650 | _aARQUITECTOS | ||
| 942 | _cBK | ||
| 999 |
_c8525 _d8525 |
||